000 00598nam a2200193Ia 4500
003 GCL
008 140319s9999 xx 000 0 eng d
040 _aGCL /
_cGCL
082 0 4 _a327.11
_bG M
100 1 _aGADELHAK, HASSAN ABDELHAK
245 1 0 _aTHE MEDITERRANAN POLICIY OF THE EUROPEAM ECOMOMIC COMMUNTY WITH SPECISL REFERENCE TO EGYPT /
_cGADELHAK, HASSAN ABDELHAK
260 _a[S.N] :
_bINSTITUTE OF ARAB RESESRCH - STUDING ،
_c1978
650 0 4 _aEUROPEAN ECONOMIC
650 0 4 _aECONOMICS
650 0 4 _aEGYPT
650 0 4 _aCOMMERCIAL BUILDINGS
650 0 4 _aPOLICY
942 _2ddc
_cBK
999 _c15659
_d15659